000 00358nam a2200133Ia 4500
005 20260328104247.0
008 260328s9999||||xx |||||||||||||| ||und||
100 _aStewart, Jack
245 0 _aGraffiti Kings :
_b New York City mass transit art of the 1970s /
_cJack Stewart
260 _bMelcher Media
300 _a223 p.
650 _aDIBUJO
942 _cBK
999 _c10100
_d10100